[Event "Montreal Pere Noel U1800"]
[Site "Montreal"]
[Date "2013.12.26"]
[Round "1"]
[White "Riendeau, Jacques"]
[Black "Pregent, Daniel"]
[Result "0-1"]
[WhiteElo "1613"]
[BlackElo "1735"]
[PlyCount "52"]
[EventDate "2013.12.26"]
[EventType "swiss"]
[EventRounds "5"]
[EventCountry "CAN"]
[SourceTitle "EXT 2022"]
[Source "ChessBase"]
[SourceDate "2021.10.06"]
[SourceVersion "1"]
[SourceVersionDate "2021.10.06"]
[SourceQuality "1"]

1. e4 c5 2. Nf3 e6 3. d4 cxd4 4. Nxd4 Nf6 5. Nc3 d6 6. Be2 Be7 7. 0-0 Nbd7 8. f4 a6 9. Be3 Qc7 10. Bf3 Nc5 11. Qe1 Bd7 12. b4 Na4 13. Nxa4 Bxa4 14. Rc1 0-0 15. c4 Rac8 16. Qg3 Rfd8 17. e5 dxe5 18. fxe5 Nd7 19. Bh6 Qxe5 20. Qxe5 Nxe5 21. Be3 Nxf3+ 22. Rxf3 Bf6 23. Nb3 Bc6 24. Rf2 Rd3 25. Re2 Rcd8 26. Rd2 Rxe3 0-1